000 01069nam a2200229Ia 4500
999 _c40178
_d40178
001 6784
003 GE_BSU
005 20190620210550.0
008 181216s1988||||ge |||||||||||||| ||geo||
040 _cGE_BSU
041 _ageo
080 _a621.3.01(075.8) მ-57
100 _aმერაბიშვილი, ა.
_92703
245 _aელექტროტექნიკის თეორიული საფუძვლები :
_bსახელმძღვ. /
_cა. მერაბიშვილი, გ. ხოსროშვილი ; რედ. ი. გოგუაძე.
264 _aთბილისი :
_bგანათლება,
_c1988.
300 _a311 გვ. ;
_c22 სმ.
504 _aბიბლიოგრ. : გვ.304-305
653 _aელექტროტექნიკის თეორიული საფუძვლები
700 _aხოსროშვილი, გ.
_eავტორი
_92704
700 _aგოგუაძე, ი.
_eრედაქტორი
_92705
942 _cBK
_2udc